'J' Celebrity Images Quiz Stats

 Plays Quiz Updated Dec 2, 2020

     
Support Sporcle.
Go Orange.
Score 0/20 Timer 05:00
2 Plays Today
% Correct
Steve Jobs
93.1%
Samuel L. Jackson
92.8%
Angelina Jolie
88.4%
Michael Jordan
87.9%
Mick Jagger
86.8%
Hugh Jackman
76.5%
Scarlett Johansson
73.7%
Nick Jonas
70.9%
Janis Joplin
70.5%
Derek Jeter
67.4%
% Correct
James Earl Jones
67.4%
Joan Jett
57.9%
Caitlyn Jenner
50.9%
Wynonna Judd
48.5%
Ken Jennings
39.5%
Raul Julia
32.4%
Chris Jericho
32.3%
Penn Jillette
31.8%
Wyclef Jean
27.2%
Allison Janney
26.8%

From the Vault

Kangaroo Words

by tobley

It'd be much easier if they'd just stop hopping around.
Remove Ads.
Support Sporcle.
Get the best of Sporcle when you Go Orange. This ad-free experience offers more features, more stats, and more fun while also helping to support Sporcle. Thank you for becoming a member.

Show Comments

Extras

Top Quizzes Today


Score Distribution

Your Account Isn't Verified!

In order to create a playlist on Sporcle, you need to verify the email address you used during registration. Go to your Sporcle Settings to finish the process.

Report this User

Report this user for behavior that violates our Community Guidelines.

Details: